Catálogo
 En Linea

Puedo ser otro ... y feliz / (Registro nro. 43217)

Detalles MARC
000 -CABECERA
campo de control de longitud fija 00589nam a2200193 a 4500
001 - NÚMERO DE CONTROL
campo de control 000043728
005 - FECHA Y HORA DE LA ÚLTIMA TRANSACCIÓN
campo de control 20201002044934.0
008 - DATOS DE LONGITUD FIJA--INFORMACIÓN GENERAL
campo de control de longitud fija 140407s2008 dr a r 000 0 spa d
040 ## - FUENTE DE LA CATALOGACIÓN
Centro catalogador/agencia de origen DO-SdBNP
Lengua de catalogación spa
Centro/agencia transcriptor BNPHU
082 ## - NÚMERO DE LA CLASIFICACIÓN DECIMAL DEWEY
Número de clasificación xxxx
Número de documento/Ítem A561p, 2008
100 1# - ENTRADA PRINCIPAL--NOMBRE DE PERSONA
Nombre de persona Andrés, Mateo
Fechas asociadas al nombre 1921-
9 (RLIN) 65507
245 10 - MENCIÓN DE TÍTULO
Título Puedo ser otro ... y feliz /
Mención de responsabilidad, etc. Mateo Andrés ; prólogo Fco. José Arnaiz.
250 ## - MENCIÓN DE EDICIÓN
Mención de edición 18a ed.
260 ## - PUBLICACIÓN, DISTRIBUCIÓN, ETC.
Lugar de publicación, distribución, etc. Santo Domingo :
Nombre del editor, distribuidor, etc. Ediciones MSC,
Fecha de publicación, distribución, etc. 2008.
300 ## - DESCRIPCIÓN FÍSICA
Extensión 176 p. :
Otras características físicas il. ;
Dimensiones 22 cm.
490 1# - MENCIÓN DE SERIE
Mención de serie Luz
Designación de volumen o secuencia 1
700 12 - PUNTO DE ACCESO ADICIONAL--NOMBRE DE PERSONA
Nombre de persona Arnaiz, Fco. José
Término indicativo de función/relación pról.
9 (RLIN) 46314
830 #0 - PUNTO DE ACCESO ADICIONAL DE SERIE-TÍTULO UNIFORME
Título uniforme Luz ;
Número de parte o sección de la obra 1
9 (RLIN) 65508
Existencias
Estado de retiro Estado de pérdida No para préstamo Código de colección Localización permanente Ubicación/localización actual Ubicación en estantería Fecha de adquisición Número de inventario Total de préstamos Signatura topográfica completa Código de barras Fecha visto por última vez Precio válido a partir de Tipo de ítem Koha
    Excluido de préstamo Patrimonio Dominicano Patrimonio Dominicano Patrimonio Dominicano Depósito 07.04.2014 LF1   xxxx A561p, 2008 43728-10 25.06.2020 25.06.2020 Libro y Folleto Colección Patrimonio Dominicano

Con tecnología Koha